书目信息 |
| 题名: |
怀疑的化学家
|
|
| 作者: | 波义耳 著 ;袁江洋 译 | |
| 分册: | ||
| 出版信息: | 北京 北京大学出版社 2007.10 |
|
| 页数: | 231页, [8] 页图版 | |
| 开本: | 26cm | |
| 丛书名: | 科学素养文库·科学元典丛书 | |
| 单 册: | ||
| 中图分类: | O6 | |
| 科图分类: | ||
| 主题词: | 化学--hua xue | |
| 电子资源: | ||
| ISBN: | 978-7-301-09554-6 | |
| 000 | 01064nam 2200277 450 | |
| 001 | 012007352234 | |
| 005 | 20071226143607.17 | |
| 010 | @a978-7-301-09554-6@b软精装@dCNY36.00 | |
| 100 | @a20071226d2007 km y0chiy0120 ea | |
| 101 | 1 | @achi@ceng |
| 102 | @aCN@b110000 | |
| 105 | @aacfhz 000yy | |
| 106 | @ar | |
| 200 | 1 | @a怀疑的化学家@Ahuai yi de hua xue jia@d= The Secptical chymist@f(英) 波义耳著@F(ying)bo yi er zhu@g袁江洋译@Gyuan jiang yang yi@zeng |
| 210 | @a北京@c北京大学出版社@d2007.10 | |
| 215 | @a231页, [8] 页图版@c图, 肖像, 摹真@d26cm | |
| 225 | 2 | @a科学素养文库·科学元典丛书@Ake xue su yang wen ku·ke xue yuan dian cong shu |
| 330 | @a全书共分六部分,外加“序言”和“结论”等,所展现的是波义耳对当时亚里士多德学派的元素理论或化学家们的要素学说的质疑和批判。 | |
| 410 | 0 | @12001 @a科学素养文库·科学元典丛书 |
| 510 | 1 | @aSecptical chymist@zeng |
| 606 | 0 | @a化学@Ahua xue |
| 690 | @aO6@v4 | |
| 701 | 1 | @a波义耳@Abo yi er@4著 |
| 702 | 0 | @a袁江洋@Ayuan jiang yang@4译 |
| 801 | 0 | @aCN@bQSSK@c20071226 |
| 905 | @b271579-81@dO6@eB880@f3 | |
| 怀疑的化学家= The Secptical chymist/(英) 波义耳著/袁江洋译.-北京:北京大学出版社,2007.10 |
| 231页, [8] 页图版:图, 肖像, 摹真;26cm.-(科学素养文库·科学元典丛书) |
| ISBN 978-7-301-09554-6(软精装):CNY36.00 |
| 全书共分六部分,外加“序言”和“结论”等,所展现的是波义耳对当时亚里士多德学派的元素理论或化学家们的要素学说的质疑和批判。 |
| ● |
| 相关链接 |
|
|
|
正题名:怀疑的化学家
索取号:O6/B880
 
预约/预借
| 序号 | 登录号 | 条形码 | 馆藏地/架位号 | 状态 | 备注 |
| 1 | 271579 | 202715794 | 自科库401/401自科库 89排2列5层/ [索取号:O6/B880] | 在馆 | |
| 2 | 271580 | 202715801 | 自科库401/401自科库 89排2列5层/ [索取号:O6/B880] | 在馆 | |
| 3 | 271581 | 202715810 | 自科库401/401自科库 89排2列5层/ [索取号:O6/B880] | 在馆 |